Krajine vychádzajúceho slnka vychádza scenár
Hodnotenie ekonomickej situácie v Japonsku podľa správy OECD. Chronický rozpočtový deficit a zadlženosť štátu ako podstatné prvky ekonomickej nestability. Perspektívy rozvoja internetových firiem a automobilového priemyslu.Pozitívne zmeny v obchodných vzťahoch s Čínou. Výhodné investície do spoločno...
Uložené v:
| Hlavný autor: | |
|---|---|
| Médium: | Kapitola |
| Jazyk: | Slovak |
| Predmet: | |
| Tagy: |
Žiadne tagy, Buďte prvý, kto otaguje tento záznam!
|
MARC
| LEADER | 00000naa$a2200000$$$4500 | ||
|---|---|---|---|
| 001 | 0026356 | ||
| 005 | 20231009070206.0 | ||
| 041 | 0 | |a slo | |
| 044 | |a SK | ||
| 245 | 1 | 0 | |a Krajine vychádzajúceho slnka vychádza scenár |c Vladimír Bačišin |
| 520 | |a Hodnotenie ekonomickej situácie v Japonsku podľa správy OECD. Chronický rozpočtový deficit a zadlženosť štátu ako podstatné prvky ekonomickej nestability. Perspektívy rozvoja internetových firiem a automobilového priemyslu.Pozitívne zmeny v obchodných vzťahoch s Čínou. Výhodné investície do spoločností s nízkou kapitalizáciou. | ||
| 610 | 2 | 0 | |a situácia hospodárska |
| 610 | 2 | 0 | |a spolupráca hospodárska medzinárodná |
| 610 | 2 | 0 | |a investície |
| 610 | 2 | 0 | |a spoločnosti investičné |
| 610 | 2 | 0 | |a akcie |
| 610 | 2 | 0 | |a fondy akciové |
| 610 | 2 | 0 | |a priemysel automobilový |
| 610 | 2 | 0 | |a internet |
| 610 | 2 | 0 | |a Japonsko |
| 100 | 1 | |a Bačišin, Vladimír | |